Villes du Lot (46) - Mort subite - Statistiques

Statistiques générales
  • Ce quiz a été pris 68 fois
  • Le résultat moyen est 10 sur 20
Answers on the Grid
Answers color-coded by a green-red scale on the quiz's grid according to % correct below.
Cahors
Figeac
Gourdon
Rocamadour
Souillac
Padirac
Saint-Cirq-Lapopie
Prayssac
Pradines
Martel
Lalbenque
Montcuq-en-Quercy-Blanc
Cajarc
Cardaillac
Saint-Céré
Autoire
Gramat
Castelnau-Montratier
Bretenoux
Carennac
Najac
Caussade
Lauzerte
Fumel
La Roque-Gageac
Trélissac
Collonges-la-Rouge
Maurs
Decazeville
Polignac
 
Statistiques - réponses
Réponse % Correct
Figeac
71%
Cahors
65%
Gourdon
62%
Saint-Cirq-Lapopie
59%
Souillac
59%
Gramat
56%
Rocamadour
56%
Martel
53%
Padirac
53%
Cajarc
47%
Montcuq-en-Quercy-Blanc
47%
Saint-Céré
44%
Autoire
41%
Prayssac
41%
Lalbenque
38%
Pradines
38%
Castelnau-Montratier
35%
Bretenoux
29%
Cardaillac
29%
Carennac
26%
Aucun quiz correspondant
Distribution des résultats
% des personnes avec chaque résultat
Percentile par nombre de réponses
Votre historique - résultats
Vous n’avez pas pris ce quiz